000 00692nam a2200181Ia 4500
008 090630s9999 xx 000 0 und d
082 _b26294
100 _aपरदेशी दिलीप.
245 _aनको स्वातंत्र्य स्त्रीला.
_cपरदेशी दिलीप.
260 _bमेहता.
_c1999
300 _a80
600 _aपरदेशी दिलीप.
630 _aनको स्वातंत्र्य स्त्रीला.
655 _aनाटक.
700 _aपरदेशी दिलीप.
730 _aनको स्वातंत्र्य स्त्रीला.
942 _cBOOK
999 _c278150
_d278150